Géographie européenne par lettre - W - Statistiques

Statistiques générales
  • Ce quiz a été pris 426 fois
  • Le résultat moyen est 9 sur 17
Statistiques - réponses
indice répondre % Correct
Belgique francophone Wallonie
91%
Ville belge près de Napoléon où il fut finalement vaincu Waterloo
91%
Pays de Galles, en anglais Wales
90%
Vienne, en allemande Wien
86%
Situation championnat de tennis majeur Wimbledon
84%
Où la famille royale britannique est mariée, couronnée et enterrée Abbaye de {Westminster}
78%
Le plus grand stade d'Angleterre, à Londres Wembley
73%
Où le prince Harry a épousé Meghan Markle Château de {Windsor}
57%
Ville allemande qui a donné son nom à la république de 1919-1933 Weimar
48%
Etat allemand le plus peuplé Rhénanie-du-Nord-{Westphalie}
46%
Comté anglais abrégé en Worcs Worcestershire
39%
4ème plus grande ville de Pologne Wrocław
25%
La ville anglaise, domicile du club de football Wanderers Wolverhampton
22%
Varsovie, en polonais Warszawa
19%
Ville française près de Lille à la frontière belge Wattrelos
16%
Ville irlandaise connue pour le cristal Waterford
13%
Ville côtière allemande nommée d'après un roi de Prusse {Wilhelm}shafen
10%
Aucun quiz correspondant
Distribution des résultats
% des personnes avec chaque résultat
Percentile par nombre de réponses
Votre historique - résultats
Vous n’avez pas pris ce quiz